000 00602nam a2200229Ia 4500
003 OSt
005 20220926005906.0
006 a|||||r|||| 00| 0
007 ta
008 220923b |||||||| |||| 00| 0 eng d
037 _cGeneral Book
040 _aRTL
_cRTL
_beng
041 _2eng
_aeng
082 _aX9.2.N94r, N4/GD
110 _aJCT LIMITED
_9311300
245 0 _aAnnual report 1994.
260 _a New Delhi
_bThapar Group
_c1994
300 _a23p.
_ccm.
700 _aJCT LIMITED
_9311301
942 _hX9.2.N94r, N4/GD
_cGB
_2CC
999 _c615637
_d615637